000 00478pab a2200157 454500
008 180718b2012 xxu||||| |||| 00| 0 eng d
100 _aGolooba - Mutebi, Frederick
245 _aIn search of the right formula: Public, private and community driven provision of safe water in Rwanda and Uganda
260 _c2012
300 _ap.430-443.
362 _aOct-Dec
650 _aDrinking water
773 _aPublic Administration and Development
908 _aN
909 _a98049
999 _c98048
_d98048